| 000 | 00394cam a2200157ua 4500 | ||
|---|---|---|---|
| 041 |
_aeng _h |
||
| 082 |
_a828.09 _bRIC/CO |
||
| 100 | _aRichards, I A . | ||
| 245 |
_aColeridge on imagination / _cI A Richards. _hTextual Documents |
||
| 260 |
_aLondon : _bRoutledge & Kegan Paul Ltd , _c1962. |
||
| 300 | _a236 ; . | ||
| 504 | _a | ||
| 942 | _cBK | ||
| 999 |
_c3702 _d3702 |
||